| 000 | 00859pam a2200289 a 4500 | ||
|---|---|---|---|
| 001 | 2392 | ||
| 005 | 20250321084623.0 | ||
| 020 | _a9780439063678 | ||
| 020 | _a0803718365 | ||
| 040 |
_aDLC _cDLC _dDLC _beng |
||
| 050 | 0 | 0 | _aPZ8.3.W465 |
| 082 | 0 | 0 | _a813.54 |
| 100 | 1 | _aWells, Rosemary | |
| 245 | 1 | 0 |
_aNoisy Nora / _cwith all new illustrations by Rosemary Wells |
| 250 | _aPrinted in the U.S.A | ||
| 260 | _bScholastic | ||
| 300 |
_a26 unnumbered pages _bColor illustrations _c28 cm |
||
| 505 | _aG | ||
| 520 | _aFeeling neglected, Nora makes more and more noise to attract her parents' attention. | ||
| 521 |
_a320
_bLexile |
||
| 521 |
_aG
_bRaz-Plus |
||
| 650 | 1 |
_aBehavior _xFiction. |
|
| 650 | 1 |
_aFamily life _xFiction. |
|
| 650 | 1 | _aStories in rhyme. | |
| 906 |
_a7 _bcbc _corignew _d1 _eocip _f19 _gy-gencatlg |
||
| 942 |
_2ddc _cBK _n0 |
||
| 999 |
_c2392 _d2392 |
||